| 000 | 01305nam a2200301 a 4500 | ||
|---|---|---|---|
| 001 | 000024758 | ||
| 005 | 20200930023342.0 | ||
| 008 | 110203s1969 ag r 000 | spa d | ||
| 040 |
_aDO-SdBNP _bspa _cBNPHU |
||
| 041 | 1 | 7 |
_aeng _hspa _2Código de idioma MARC |
| 082 |
_a371.2 _bC976a |
||
| 245 | 0 | 0 |
_aCurriculum y administración escolar / _cR. J. Purdy ... [et al.]. |
| 260 |
_aBuenos Aires, (Argentina) : _bEditorial Paidós, _bCentro Regional de Ayuda Técnica ; _bAgencia para el Desarrollo Internacional, _c1969. |
||
| 300 |
_a141 p. : _bil. ; _c19 cm. |
||
| 534 |
_aTítulo original del inglés : _tTeacher's encyclopedia. |
||
| 500 | _aIncluye nota a está edición | ||
| 504 | _aIncluye referencias bibliográficas : p. 139-141 | ||
| 505 | 0 |
_tEl maestro y los cursos de perfeccionamiento docente / _rRobert J. Purdy y Arnold Finch _tEl maestro y el curriculum / _rLaura M. Shufelt _tEl maestro y la administración escolar / _rElwood L. Prestwood. |
|
| 650 | 4 |
_aAdministración escolar _917493 |
|
| 650 | 4 |
_aAsistencia escolar _950796 |
|
| 650 | 4 |
_aDisciplina escolar _910993 |
|
| 650 | 4 |
_aPlanificación escolar _950797 |
|
| 700 | 1 |
_aPurdy, Robert J _950798 |
|
| 700 | 1 |
_aShufelt, Laura M. _950799 |
|
| 700 | 1 |
_aFinch, Arnold _950800 |
|
| 700 | 1 |
_aPrestwood, Elwood L. _950801 |
|
| 049 | _aBNGR | ||
| 999 |
_c24251 _d24251 |
||